Climatización y refrigeración en Colombia / (Registro nro. 31099)
[ vista simple ]
| 000 -LEADER | |
|---|---|
| fixed length control field | 01969nam a22003017a 4500 |
| 003 - CONTROL NUMBER IDENTIFIER | |
| control field | OSt |
| 005 - DATE AND TIME OF LATEST TRANSACTION | |
| control field | 20251017151737.0 |
| 008 - FIXED-LENGTH DATA ELEMENTS--GENERAL INFORMATION | |
| fixed length control field | 251017b |||||||| |||| 00| 0 eng d |
| 020 ## - INTERNATIONAL STANDARD BOOK NUMBER | |
| International Standard Book Number | 9789589576854 |
| 037 ## - SOURCE OF ACQUISITION | |
| Source of stock number/acquisition | Donación |
| 040 ## - CATALOGING SOURCE | |
| Original cataloging agency | CO-JMCR |
| Language of cataloging | spa |
| Transcribing agency | CO-JMCR |
| Modifying agency | CO-JMCR |
| Description conventions | rda |
| 041 1# - LANGUAGE CODE | |
| Language code of text/sound track or separate title | spa |
| -- | eng |
| 082 04 - DEWEY DECIMAL CLASSIFICATION NUMBER | |
| Classification number | 621.5 |
| Item number | M67 |
| 100 1# - MAIN ENTRY--PERSONAL NAME | |
| Personal name | Miranda, Álvaro, |
| Dates associated with a name | 1945-2020. |
| 9 (RLIN) | 44388 |
| 245 10 - TITLE STATEMENT | |
| Title | Climatización y refrigeración en Colombia / |
| Statement of responsibility, etc. | textos Alvaro Miranda ; fotografía Rodolfo Velásquez Rubio y Mike Cubillos Reyes ; traducción Diana Jacobson. |
| 260 3# - PUBLICATION, DISTRIBUTION, ETC. | |
| Place of publication, distribution, etc. | [Bogotá] : |
| Name of publisher, distributor, etc. | Asociación Colombiana del Acondicionamieto de Aire y de la Refrigeración, |
| Date of publication, distribution, etc. | 2006. |
| 300 ## - PHYSICAL DESCRIPTION | |
| Extent | 156 páginas : |
| Other physical details | ilustraciones, fotografías ; |
| Dimensions | 28 cm. |
| 500 ## - GENERAL NOTE | |
| General note | Texto en español-inglés. |
| 520 3# - SUMMARY, ETC. | |
| Summary, etc. | Al continuar con la valiosa tarea de buscar y rescatar del olvido nuestro patrimonio, que conforma la verdadera identidad nacional, nos es grato presentar Climatización y Refrigeración en Colombia, ACAIRE 25 años, obra que abarca los diferentes aspectos que caracterizan y rodean la historia y el desarrollo de la industria del acondicionamiento del aire y del frío en el país, desde sus inicios al finalizar la Época Virreinal.<br/>Los testimonios que en el texto son rescatados, recrean, de una manera encantadora y atractiva, pasajes que hasta hoy habían permanecido inéditos, y que para el conocimiento histórico de los lectores, han sido tomados de crónicas pasadas, comerciales de prensa y otros medios de diferentes cuidades del país. |
| 610 27 - SUBJECT ADDED ENTRY--CORPORATE NAME | |
| Corporate name or jurisdiction name as entry element | Refrigeración |
| General subdivision | Historia. |
| Source of heading or term | JMCR |
| 9 (RLIN) | 44389 |
| 650 #7 - SUBJECT ADDED ENTRY--TOPICAL TERM | |
| General subdivision | Historia |
| Geographic subdivision | Colombia. |
| Source of heading or term | JMCR |
| 650 #7 - SUBJECT ADDED ENTRY--TOPICAL TERM | |
| Topical term or geographic name entry element | Aire acondicionado |
| General subdivision | Historia |
| Geographic subdivision | Colombia. |
| Source of heading or term | JMCR |
| 9 (RLIN) | 44390 |
| 650 #7 - SUBJECT ADDED ENTRY--TOPICAL TERM | |
| Topical term or geographic name entry element | Industriales |
| Geographic subdivision | Colombia |
| Form subdivision | Biografías. |
| Source of heading or term | BLAAUTO |
| 9 (RLIN) | 44391 |
| 700 12 - ADDED ENTRY--PERSONAL NAME | |
| Personal name | Velásquez Rubio, Rodolfo, |
| Relator term | fotografo. |
| 9 (RLIN) | 44392 |
| 700 12 - ADDED ENTRY--PERSONAL NAME | |
| Personal name | Cubillos Reyes, Mike, |
| Relator term | fotografo. |
| 9 (RLIN) | 44393 |
| 700 12 - ADDED ENTRY--PERSONAL NAME | |
| Personal name | Jacobson, Diana, |
| Relator term | traductor. |
| 9 (RLIN) | 44394 |
| 942 ## - ADDED ENTRY ELEMENTS (KOHA) | |
| Source of classification or shelving scheme | Dewey Decimal Classification |
| Koha item type | Books |
| Withdrawn status | Lost status | Source of classification or shelving scheme | Damaged status | Not for loan | Collection code | Home library | Current library | Shelving location | Date acquired | Total Checkouts | Full call number | Barcode | Date last seen | Copy number | Price effective from | Koha item type |
|---|---|---|---|---|---|---|---|---|---|---|---|---|---|---|---|---|
| Dewey Decimal Classification | Non-fiction | Biblioteca Pública José María del Castillo y Rada | Biblioteca Pública José María del Castillo y Rada | Book Cart | 10/17/2025 | 621.5 M67 | 201808383 | 10/17/2025 | Ej.1 | 10/17/2025 | Books |